Central Library OPAC University of Rajshahi

সাংগঠনিক আচরণ / (Record no. 84213)

MARC details
000 -LEADER
fixed length control field 00816nam a2200229 a 4500
001 - CONTROL NUMBER
control field 84213
003 - CONTROL NUMBER IDENTIFIER
rucl marc code BD-RjUL
005 - DATE AND TIME OF LATEST TRANSACTION
control field 20241103115644.0
008 - FIXED-LENGTH DATA ELEMENTS--GENERAL INFORMATION
fixed length control field 241103s2014 bg ||||| |||| 00| 0 ben d
020 ## - INTERNATIONAL STANDARD BOOK NUMBER
International Standard Book Number 9789849106029
035 ## - SYSTEM CONTROL NUMBER
System control number (BD-RjUL)84213
040 ## - CATALOGING SOURCE
Original cataloging agency BD-RjUL
Language of cataloging eng
Transcribing agency BD-RjUL
041 ## - LANGUAGE CODE
Language code of text/sound track or separate title ben
082 ## - DEWEY DECIMAL CLASSIFICATION NUMBER
Edition number 23
Classification number 658.3
Author mark and year ARS 2014
100 ## - MAIN ENTRY--PERSONAL NAME
Personal name আরিফ, আনোয়ারুল আজিম
9 (RLIN) 14050
245 ## - TITLE STATEMENT
Title সাংগঠনিক আচরণ /
Statement of responsibility, etc. আনোয়ারুল আজিম আরিফ এবং মোঃ আবু তাহের
300 ## - PHYSICAL DESCRIPTION
Pagination ২৭৭ পৃ.;
Size ২২ সেমি.
650 ## - SUBJECT ADDED ENTRY--TOPICAL TERM
Topical term or geographic name as entry element Organizational behavior
9 (RLIN) 10521
Topical term or geographic name as entry element সাংগঠনিক আচরণ
9 (RLIN) 14051
700 ## - ADDED ENTRY--PERSONAL NAME
Personal name তাহের, মোঃ আবু
942 ## - ADDED ENTRY ELEMENTS (KOHA)
Source of classification or shelving scheme Dewey Decimal Classification
Koha item type Books
Holdings
Lost status Source of classification or shelving scheme Damaged status Not for loan Collection code Permanent Location Current Location Shelving location Date acquired Source of acquisition Total Checkouts Full call number Date last seen Copy number Koha item type
  Dewey Decimal Classification   Not For Loan Non-fiction Central Library, University of Rajshahi Central Library, University of Rajshahi Reading Room 31/10/2024 Author   B 658.3 ARS 2014 03/11/2024 C-1 Books
  Dewey Decimal Classification     Non-fiction Central Library, University of Rajshahi Central Library, University of Rajshahi General Stacks 31/10/2024 Author   B 658.3 ARS 2014 03/11/2024 C-2 Books